| 000 | 01114cam a2200385 a 4500 | ||
|---|---|---|---|
| 999 |
_c572 _d572 |
||
| 001 | 6218939 | ||
| 003 | CaAEU | ||
| 005 | 20210615121706.0 | ||
| 008 | 110826s2013 onca b 001 0 eng | ||
| 016 | _a20119057352 | ||
| 020 | _a9780176503697 | ||
| 020 | _a0176503692 | ||
| 035 | _aocn749085659 | ||
| 040 |
_aNLC _beng _cNLC _dCDX _dACAL |
||
| 049 | _aMAIN | ||
| 050 | 4 |
_aHF5415 _b.M52 2013 |
|
| 055 | 0 | 0 |
_aHF5415 _bM52 2012 fol. |
| 082 | 0 | 4 |
_a658.8 _223 |
| 090 |
_aHF 5415 M52 2013 _bACAL |
||
| 245 | 0 | 0 |
_aMKTG / _cLamb ... [et al.]. |
| 246 | 3 | _aMarketing | |
| 250 | _a2nd Canadian ed. | ||
| 260 |
_aToronto : _bNelson Education, _cc2013. |
||
| 300 |
_axiii, 380, [40] p. : _bcol. ill. ; _c28 cm. |
||
| 336 |
_atext _btxt _2rdacontent |
||
| 337 |
_aunmediated _bn _2rdamedia |
||
| 338 |
_avolume _bnc _2rdacarrier |
||
| 500 | _aCover title. | ||
| 504 | _aIncludes bibliographical references and index. | ||
| 650 | 0 |
_aMarketing _vTextbooks. |
|
| 650 | 0 |
_aMarketing _xManagement _vTextbooks. |
|
| 700 | 1 | _aLamb, Charles W. | |
| 942 |
_2lcc _cBK _nSO |
||
| 949 |
_aHF 5415 M52 2013 _c1 _hUAAU-B _i0162032758201 |
||